| 000 | 00554cam a2200145 4500500 | ||
|---|---|---|---|
| 005 | 20260208002440.0 | ||
| 041 | _afre | ||
| 042 | _adc | ||
| 100 | 1 | 0 |
_aMasset, Claude _eauthor |
| 245 | 0 | 0 | _aJack David Eller, Cultural Anthropology. Global Forces, Local Lives, New York-London, Routledge, 2009, 432 p., bibl., index, gloss., ill., tabl. |
| 260 | _c2011. | ||
| 500 | _a18 | ||
| 786 | 0 | _nL'Homme | 198-199 | 2 | 2011-07-01 | p. 367f-382f | 0439-4216 | |
| 856 | 4 | 1 | _uhttps://shs.cairn.info/revue-l-homme-2011-2-page-367f?lang=fr&redirect-ssocas=7080 |
| 999 |
_c1646401 _d1646401 |
||